| 000 | 00589nam a22001937a 4500 | ||
|---|---|---|---|
| 005 | 20210325173500.0 | ||
| 008 | s2525 th tha d | ||
| 041 | _atha | ||
| 050 | _aPN6519 ส6ภ | ||
| 245 | 1 | 0 | _aภาษิตไทย |
| 246 | _aThai proverbs | ||
| 260 | 3 |
_aกรุงเทพฯ : _bคณะกรรมการเอกลักษณ์ของชาติ, _c2525 |
|
| 300 | _a38 หน้า | ||
| 650 | 0 | 4 | _aสุภาษิตและคำพังเพย |
| 850 | _aNALT | ||
| 942 | _cGB | ||
| 997 | _c000000000001508 | ||
| 998 | _aSOPAPORN | ||
| 999 |
_c1508 _d1508 |
||